Statistics for Selection of Flags

Click here to take the quiz!

General Stats

  • This quiz has been taken 131 times
  • The average score is 13 of 20

Answer Stats

Answer% Correct
Wales
90%
Yugoslavia
81%
China
80%
Québec
80%
Austria-Hungary
78%
Tibet
77%
Catalonia
76%
Ethiopia
75%
Gibraltar
75%
Macau
74%
Northern Cyprus
69%
Arizona
66%
Prussia
66%
World Health Organisation
56%
Norfolk
52%
Bavaria
51%
Esperanto
42%
Rhodesia
41%
Sikhism
39%
Russia
28%

Score Distribution

Percentile by Number Answered

Percent of People with Each Score

Your Score History

You have not taken this quiz